header

Frontiers of materials, chemical and metallurgical technologies : (Record no. 131430)

MARC details
000 -LEADER
fixed length control field 02117nam a22004211i 4500
001 - CONTROL NUMBER
control field ebr10777892
003 - CONTROL NUMBER IDENTIFIER
control field CaPaEBR
006 - FIXED-LENGTH DATA ELEMENTS--ADDITIONAL MATERIAL CHARACTERISTICS--GENERAL INFORMATION
fixed length control field m o d
007 - PHYSICAL DESCRIPTION FIXED FIELD--GENERAL INFORMATION
fixed length control field cr cn|||||||||
008 - FIXED-LENGTH DATA ELEMENTS--GENERAL INFORMATION
fixed length control field 131101s2013 sz a ob 101 0 eng d
020 ## - INTERNATIONAL STANDARD BOOK NUMBER
Cancelled/invalid ISBN 9783037858516
International Standard Book Number 9783038262329 (e-book)
040 ## - CATALOGING SOURCE
Original cataloging agency CaPaEBR
Language of cataloging eng
Description conventions rda
-- pn
Transcribing agency CaPaEBR
035 ## - SYSTEM CONTROL NUMBER
System control number (OCoLC)868961256
050 14 - LIBRARY OF CONGRESS CALL NUMBER
Classification number TN605
Item number .F76 2013eb
245 00 - TITLE STATEMENT
Title Frontiers of materials, chemical and metallurgical technologies :
Remainder of title selected, peer reviewed papers from the 2013 International Conference on Chemical Engineering, Metallurgical Engineering and Metallic Materials II (CMMM 2013) August 3-4, 2013, Dali, China /
Statement of responsibility, etc edited by Jimmy (C. M.) Kao, Wen-Pei Sung and Ran Chen.
246 30 - VARYING FORM OF TITLE
Title proper/short title CMMM 2013
Title proper/short title 2013 International Conference on Chemical Engineering, Metallurgical Engineering and Metallic Materials
264 #1 - PRODUCTION, PUBLICATION, DISTRIBUTION, MANUFACTURE, AND COPYRIGHT NOTICE
Place of production, publication, distribution, manufacture Durnten-Zurich, Switzerland ;
-- Enfield, NH :
Name of producer, publisher, distributor, manufacturer Trans Tech Publications,
Date of production, publication, distribution, manufacture, or copyright notice [2013]
Date of production, publication, distribution, manufacture, or copyright notice �2013
300 ## - PHYSICAL DESCRIPTION
Extent 1 online resource (519 pages) :
Other physical details illustrations.
336 ## - CONTENT TYPE
Content type term text
Source rdacontent
337 ## - MEDIA TYPE
Media type term computer
Source rdamedia
338 ## - CARRIER TYPE
Carrier type term online resource
Source rdacarrier
440 #0 - SERIES STATEMENT/ADDED ENTRY--TITLE
Title Advanced materials research,
International Standard Serial Number 1662-8985 ;
Volume number/sequential designation v. 803
504 ## - BIBLIOGRAPHY, ETC. NOTE
Bibliography, etc Includes bibliographical references and indexes.
588 ## - SOURCE OF DESCRIPTION NOTE
Source of description note Description based on online resource; title from PDF title page (ebrary, viewed November 01, 2013).
590 ## - LOCAL NOTE (RLIN)
Local note Electronic reproduction. Palo Alto, Calif. : ebrary, 2013. Available via World Wide Web. Access may be limited to ebrary affiliated libraries.
650 #0 - SUBJECT ADDED ENTRY--TOPICAL TERM
Topical term or geographic name as entry element Metallurgy
Form subdivision Congresses.
Topical term or geographic name as entry element Materials science
Form subdivision Congresses.
655 #0 - INDEX TERM--GENRE/FORM
Genre/form data or focus term Electronic books.
700 1# - ADDED ENTRY--PERSONAL NAME
Personal name Kao, Jimmy C. M.
Fuller form of name (Jimmy Chih-Ming),
Dates associated with a name 1963-
Personal name Sung, Wen-Pei.
Personal name Chan, Ren.
711 2# - ADDED ENTRY--MEETING NAME
Meeting name or jurisdiction name as entry element International Conference on Chemical Engineering, Metallurgical Engineering and Metallic Materials (2nd : 2013 : Dali, China)
797 2# - LOCAL ADDED ENTRY--CORPORATE NAME (RLIN)
Corporate name or jurisdiction name as entry element ebrary.
856 40 - ELECTRONIC LOCATION AND ACCESS
Uniform Resource Identifier <a href="http://site.ebrary.com/lib/rucke/Doc?id=10777892">http://site.ebrary.com/lib/rucke/Doc?id=10777892</a>
Public note An electronic book accessible through the World Wide Web; click to view

No items available.

© 2026 Rongo University
Contact us: librarian | system librarian | Rongo university